| 000 | 00809nam a2200265Ia 4500 | ||
|---|---|---|---|
| 008 | 160621s9999 xx 000 0 und d | ||
| 020 | _a978-1-4221-0666-2 | ||
| 050 | _aComSc HD 30.2 | ||
| 050 | _b.W43 2007 | ||
| 100 | _aWesterman, George. | ||
| 245 | _aIT risk : | ||
| 245 | _bturning business threats into competitive advantage / | ||
| 245 | _cGeorge Westerman, Richard Hunter. | ||
| 260 | _aBoston, MA : | ||
| 260 | _bHarvard Business School Press, | ||
| 260 | _c2007 | ||
| 300 | _a221 pages : | ||
| 300 | _billustrations ; | ||
| 300 | _c24 cm. | ||
| 500 | _aInclude bibliographical references. | ||
| 650 | _aInformation technology -- Management. | ||
| 650 | _aRisk management. | ||
| 650 | _xInformation technology -- Security measures. | ||
| 650 | _xManagement information systems. | ||
| 999 |
_c296162 _d296162 |
||